[Event "ESP-ch 88th"]
[Site "Marbella"]
[Date "2023.10.15"]
[Round "3"]
[White "Rey Martinez, Jaime"]
[Black "Aguado Doncel, Pablo Luis"]
[Result "1-0"]
[WhiteElo "2328"]
[BlackElo "2108"]
[PlyCount "99"]
[EventDate "2023.10.13"]
[EventType "swiss"]
[EventRounds "9"]
[EventCountry "ESP"]
[SourceTitle "Mega2024 Update 01"]
[Source "Chessbase"]
[SourceDate "2023.11.12"]
[SourceVersion "1"]
[SourceVersionDate "2023.11.12"]
[SourceQuality "1"]

1. e4 c5 2. Nf3 Nc6 3. Bc4 g6 4. 0-0 Bg7 5. c3 e6 6. Qe2 Nge7 7. e5 0-0 8. Rd1 d5 9. Bb5 d4 10. d3 Bd7 11. c4 a6 12. Bxc6 Bxc6 13. Bf4 h6 14. h4 Nf5 15. g3 Bxf3 16. Qxf3 g5 17. hxg5 hxg5 18. Bc1 Bxe5 19. Qxb7 Kg7 20. Nd2 Rh8 21. Qf3 f6 22. Ne4 Qe7 23. Re1 Bd6 24. Bd2 Rab8 25. b3 Rh3 26. Kf1 Rbh8 27. Ke2 Rh2 28. Kd1 R8h3 29. Kc2 Qf7 30. Nxd6 Nxd6 31. Re2 e5 32. Qc6 Nf5 33. Rae1 Qh5 34. Qd7+ Kg6 35. Qe8+ Kh6 36. Qe6 Qg6 37. Qxa6 Rg2 38. Qa8 Rhh2 39. Qh8+ Qh7 40. Qxf6+ Qg6 41. Qh8+ Qh7 42. Qf8+ Kh5 43. Qf6 Qg6 44. Qxe5 Rxf2 45. Rxf2 Rxf2 46. Rh1+ Kg4 47. Qe4+ Kxg3 48. Rg1+ Kh3 49. Qh1+ Rh2 50. Qf3+ 1-0

[Event "ESP-chT Rapid"]
[Site "Ubeda"]
[Date "2023.09.24"]
[Round "6.1"]
[White "Rey Martinez, Jaime"]
[Black "Fedoseev, Vladimir1111"]
[Result "0-1"]
[WhiteElo "2328"]
[BlackElo "2683"]
[PlyCount "62"]
[EventDate "2023.09.23"]
[EventType "team-swiss (rapid)"]
[EventRounds "9"]
[EventCountry "ESP"]
[SourceTitle "EXT 2024"]
[Source "ChessBase"]
[SourceDate "2023.10.10"]
[SourceVersion "1"]
[SourceVersionDate "2023.10.10"]
[SourceQuality "1"]
[WhiteTeam "Alcorcon Diagonal"]
[BlackTeam "Costa Calida"]
[WhiteTeamCountry "ESP"]
[BlackTeamCountry "ESP"]

1. e4 c5 2. Nf3 Nc6 3. d4 cxd4 4. Nxd4 e5 5. Nb5 d6 6. N1c3 a6 7. Na3 Be6 8. Nc4 b5 9. Ne3 Nf6 10. Bd3 g6 11. 0-0 Bg7 12. a4 b4 13. Ncd5 0-0 14. Nxf6+ Bxf6 15. Bc4 Bg5 16. Bd5 Rc8 17. c3 bxc3 18. bxc3 Na5 19. Qd3 Nb3 20. Bxb3 Bxb3 21. Ba3 Rc6 22. a5 Qc8 23. Bb4 Qe6 24. Rfb1 f5 25. exf5 gxf5 26. Ra3 Ba2 27. Rb2 Bc4 28. Nxc4 Rxc4 29. f3 Bc1 30. Rba2 Bxa3 31. Bxa3 Ra4 0-1

[Event "ESP-ch Rapid"]
[Site "Linares"]
[Date "2023.08.19"]
[Round "5"]
[White "Rubio Mejia, Luis Ignacio"]
[Black "Rey Martinez, Jaime"]
[Result "1-0"]
[WhiteElo "2388"]
[BlackElo "2331"]
[PlyCount "81"]
[EventDate "2023.08.19"]
[EventType "swiss (rapid)"]
[EventRounds "10"]
[EventCountry "ESP"]
[SourceTitle "CBM 215 Extra"]
[Source "ChessBase"]
[SourceDate "2023.09.30"]
[SourceVersion "1"]
[SourceVersionDate "2023.09.30"]
[SourceQuality "1"]

1. c4 c5 2. Nc3 Nc6 3. Nf3 g6 4. e3 Bg7 5. d4 d6 6. d5 Ne5 7. Nxe5 Bxe5 8. Bd3 Bg7 9. 0-0 Nf6 10. e4 0-0 11. f4 e6 12. h3 Re8 13. Qf3 exd5 14. cxd5 Bd7 15. a4 Qa5 16. e5 dxe5 17. fxe5 Rxe5 18. Bf4 Rh5 19. g4 Nxg4 20. hxg4 Rh4 21. Bg3 Rxg4 22. Qxf7+ Kh8 23. Kh2 Qd8 24. Rf4 Rxg3 25. Kxg3 Qg5+ 26. Kf2 Bd4+ 27. Rxd4 cxd4 28. Rh1 Qd2+ 29. Ne2 Qe3+ 30. Ke1 Bh3 31. Bxg6 hxg6 32. Qf6+ Kg8 33. Qxg6+ Kf8 34. Qf6+ Ke8 35. Qxd4 Qh6 36. Qc3 Qh4+ 37. Qg3 Qb4+ 38. Nc3 Qxb2 39. Rxh3 Qa1+ 40. Nd1 Qe5+ 41. Qxe5+ 1-0

[Event "ESP-ch U18"]
[Site "Salobrena"]
[Date "2023.07.31"]
[Round "1"]
[White "Diaz Reyes, Franklin"]
[Black "Rey Martinez, Jaime"]
[Result "0-1"]
[WhiteElo "1877"]
[BlackElo "2361"]
[PlyCount "84"]
[EventDate "2023.07.31"]
[EventType "swiss"]
[EventRounds "9"]
[EventCountry "ESP"]
[SourceTitle "CBM 215 Extra"]
[Source "ChessBase"]
[SourceDate "2023.09.30"]
[SourceVersion "1"]
[SourceVersionDate "2023.09.30"]
[SourceQuality "1"]

1. e4 c5 2. Nc3 Nc6 3. g3 g6 4. Bg2 Bg7 5. d3 d6 6. f4 e6 7. Nf3 Nge7 8. 0-0 0-0 9. Be3 Nd4 10. Nh4 d5 11. Qd2 b6 12. Nd1 dxe4 13. dxe4 Ba6 14. Re1 Rc8 15. c3 Ndc6 16. Qxd8 Rfxd8 17. Nf2 Na5 18. Rad1 Bc4 19. b3 Ba6 20. c4 Nac6 21. e5 g5 22. Nf3 gxf4 23. gxf4 Nf5 24. Bc1 Nb4 25. a3 Nc2 26. Rxd8+ Rxd8 27. Rd1 Rxd1+ 28. Nxd1 Ncd4 29. Nxd4 Nxd4 30. Bf1 Nxb3 31. Be3 Na5 32. Nb2 f6 33. f5 exf5 34. e6 Bc8 35. Bf4 Bxe6 36. Bb8 Nc6 37. Bc7 f4 38. Bxf4 f5 39. Nd3 Bxc4 40. Bg2 Bxd3 41. Bxc6 Bd4+ 42. Kg2 Be4+ 0-1

[Event "ESP-ch U14 rapid"]
[Site "Salobrena"]
[Date "2023.07.23"]
[Round "5"]
[White "Rey Martinez, Jaime"]
[Black "Fernandez Ramos, Iago"]
[Result "1-0"]
[WhiteElo "2145"]
[BlackElo "1934"]
[PlyCount "99"]
[EventDate "2023.07.22"]
[EventType "swiss (rapid)"]
[EventRounds "9"]
[EventCountry "ESP"]
[SourceTitle "EXT 2024"]
[Source "ChessBase"]
[SourceDate "2023.10.10"]
[SourceVersion "1"]
[SourceVersionDate "2023.10.10"]
[SourceQuality "1"]

1. e4 e5 2. Nf3 Nc6 3. Bb5 g6 4. c3 Nge7 5. d4 exd4 6. cxd4 d5 7. e5 Bg7 8. Be3 0-0 9. 0-0 f6 10. exf6 Bxf6 11. Bh6 Bg7 12. Bxg7 Kxg7 13. Ne5 Nxe5 14. dxe5 c5 15. Nd2 b6 16. f4 Bb7 17. Qe2 Nf5 18. Nf3 d4 19. Ng5 Qe7 20. Bc4 Ne3 21. Ne6+ Kh8 22. Nxf8 Rxf8 23. Rf2 Qh4 24. Be6 Qe7 25. Bh3 Bd5 26. b3 a5 27. Qb5 Qc7 28. Re1 Qb7 29. Qd7 Qxd7 30. Bxd7 Kg7 31. g3 Kf7 32. Bb5 Be6 33. Rd2 Nd5 34. Bc4 Nc3 35. Bxe6+ Kxe6 36. Kf2 Kd5 37. Kf3 Ke6 38. Rf2 b5 39. g4 h5 40. gxh5 gxh5 41. Rg1 c4 42. Rd2 Kd5 43. Rg6 d3 44. Rd6+ Kc5 45. Rf6 Re8 46. Rh6 Nb1 47. Rd1 c3 48. Rxd3 c2 49. Rh7 c1Q 50. Rc7+ 1-0

[Event "ESP-ch U14"]
[Site "Salobrena"]
[Date "2023.07.18"]
[Round "3"]
[White "Rey Martinez, Jaime"]
[Black "Fernandez Ramos, Iago"]
[Result "0-1"]
[WhiteElo "2361"]
[BlackElo "1869"]
[PlyCount "106"]
[EventDate "2023.07.17"]
[EventType "swiss"]
[EventRounds "9"]
[EventCountry "ESP"]
[SourceTitle "EXT 2024"]
[Source "ChessBase"]
[SourceDate "2023.10.10"]
[SourceVersion "1"]
[SourceVersionDate "2023.10.10"]
[SourceQuality "1"]

1. e4 e5 2. Nf3 Nc6 3. Bb5 Nf6 4. Qe2 Bc5 5. d3 d6 6. h3 h6 7. Nbd2 0-0 8. c3 a6 9. Bxc6 bxc6 10. 0-0 Ba7 11. Nb3 Qe7 12. Be3 Bxe3 13. Qxe3 a5 14. Nbd2 Re8 15. Rfe1 Rb8 16. b3 c5 17. d4 Ba6 18. Rac1 Nh5 19. g3 Nf6 20. Nh4 Nd7 21. Nhf3 Rf8 22. Rcd1 Rbe8 23. g4 Qf6 24. Rc1 Re7 25. dxe5 Nxe5 26. Nxe5 Qxe5 27. f4 Qf6 28. e5 dxe5 29. Ne4 Qh4 30. f5 Bb7 31. Kh2 Bxe4 32. Qxe4 Rd8 33. Re2 Qg5 34. Rce1 f6 35. Qc4+ Kh8 36. Qxc5 Qf4+ 37. Kg2 Red7 38. Rf1 Qg5 39. Qxa5 Rd2 40. Rff2 Rxe2 41. Rxe2 Rd3 42. Qa8+ Kh7 43. Qe4 Rxc3 44. b4 Ra3 45. Kh2 Qc1 46. Rf2 Qc3 47. Qg2 Qxb4 48. h4 Ra4 49. Kh3 h5 50. Rc2 Ra3+ 51. Kh2 Qf4+ 52. Kh1 Rf3 53. Qe2 Qxg4 0-1

[Event "Valencia Cuna op 4th"]
[Site "Valencia"]
[Date "2023.07.13"]
[Round "6"]
[White "Fernandez Guillen, Ernesto J"]
[Black "Rey Martinez, Jaime"]
[Result "1-0"]
[WhiteElo "2467"]
[BlackElo "2361"]
[PlyCount "75"]
[EventDate "2023.07.08"]
[EventType "swiss"]
[EventRounds "9"]
[EventCountry "ESP"]
[SourceTitle "CBM 215 Extra"]
[Source "ChessBase"]
[SourceDate "2023.09.30"]
[SourceVersion "1"]
[SourceVersionDate "2023.09.30"]
[SourceQuality "1"]

1. e4 c5 2. Nf3 a6 3. a4 Nc6 4. Nc3 g6 5. d4 cxd4 6. Nxd4 Bg7 7. Nxc6 bxc6 8. a5 Rb8 9. Bc4 Nf6 10. Qe2 0-0 11. 0-0 Qc7 12. e5 Ne8 13. Re1 d5 14. Bd3 f6 15. e6 Nd6 16. Be3 Rxb2 17. Na4 Rb4 18. Bb6 Qb8 19. c3 Rh4 20. g3 Rh5 21. Nc5 Re5 22. Qa2 Nb5 23. Nd7 Bxd7 24. exd7 Qd6 25. c4 Nc7 26. cxd5 cxd5 27. Rec1 Ne6 28. Qa4 f5 29. Qc6 Re1+ 30. Kg2 Qxc6 31. Rxc6 Rxa1 32. Rxe6 Kf7 33. Rc6 e5 34. d8Q Rxd8 35. Bxd8 e4 36. Bxa6 d4 37. Bb6 d3 38. Rc7+ 1-0

[Event "Madrid-chT Honor 2223"]
[Site "Madrid"]
[Date "2023.02.12"]
[Round "9.6"]
[White "Rey Martinez, Jaime"]
[Black "Del Valle Cirera, Adria"]
[Result "1-0"]
[WhiteElo "2251"]
[BlackElo "2100"]
[PlyCount "49"]
[EventDate "2022.11.20"]
[EventType "team-tourn"]
[EventRounds "14"]
[EventCountry "ESP"]
[SourceTitle "EXT 2024"]
[Source "ChessBase"]
[SourceDate "2023.10.10"]
[SourceVersion "1"]
[SourceVersionDate "2023.10.10"]
[SourceQuality "1"]
[WhiteTeam "Alcorcon Diagonal"]
[BlackTeam "San Fernando de Henares"]
[WhiteTeamCountry "ESP"]
[BlackTeamCountry "ESP"]

1. e4 c5 2. Nf3 e6 3. d4 cxd4 4. Nxd4 Nf6 5. Bd3 Nc6 6. Nxc6 bxc6 7. 0-0 e5 8. c4 Be7 9. f4 d6 10. Nc3 0-0 11. h3 exf4 12. Bxf4 Qb6+ 13. Kh1 Qxb2 14. e5 Qxc3 15. Rc1 Qa5 16. exf6 Bxf6 17. Bxd6 Be6 18. Bxf8 Rxf8 19. Qf3 Be5 20. Rce1 g6 21. Qxc6 Rd8 22. Qf3 Qc3 23. Rd1 Bc7 24. Be2 Rxd1 25. Qxc3 1-0

[Event "ESP-ch 87th"]
[Site "Linares"]
[Date "2022.08.11"]
[Round "1"]
[White "Rey Martinez, Jaime"]
[Black "Moreno Tejera, Emilio"]
[Result "0-1"]
[WhiteElo "2144"]
[BlackElo "2420"]
[PlyCount "98"]
[EventDate "2022.08.11"]
[EventType "swiss"]
[EventRounds "9"]
[EventCountry "ESP"]
[SourceTitle "CBM 209 Extra"]
[Source "ChessBase"]
[SourceDate "2022.09.30"]
[SourceVersion "1"]
[SourceVersionDate "2022.09.30"]
[SourceQuality "1"]

1. e4 e5 2. Nf3 Nc6 3. Bb5 a6 4. Bxc6 dxc6 5. 0-0 Qf6 6. d4 exd4 7. Bg5 Qd6 8. Nxd4 Be7 9. Bxe7 Nxe7 10. Nc3 0-0 11. Nb3 Qxd1 12. Rfxd1 b6 13. a4 c5 14. Rd2 Re8 15. Rad1 Be6 16. f3 Kf8 17. Kf2 Rac8 18. Nc1 Nc6 19. N1e2 Ne5 20. b3 f6 21. Nf4 Bf7 22. Nfd5 Nc6 23. Ne2 Red8 24. h4 Rd6 25. g4 Rcd8 26. Ke3 Ne5 27. Ng1 Bxd5 28. exd5 c4 29. g5 cxb3 30. cxb3 Ng6 31. h5 Ne7 32. f4 Nxd5+ 33. Kf3 c6 34. Ne2 Re8 35. Nd4 Re3+ 36. Kf2 Re4 37. Nxc6 Rxf4+ 38. Kg3 Rxc6 39. Rxd5 fxg5 40. Rxg5 Rf7 41. Re5 Re7 42. Rd8+ Kf7 43. Rf5+ Rf6 44. Rfd5 Re3+ 45. Kg4 Re4+ 46. Kg3 Rfe6 47. Ra8 Re3+ 48. Kf4 R6e4+ 49. Kg5 Ke6 0-1